| 000 | 00881nam a2200205 a 4500 | ||
|---|---|---|---|
| 003 | 0 | ||
| 005 | 20250516130450.0 | ||
| 008 | 021127s19uu xx 00 eng d | ||
| 050 |
_aPGS TD 791 _b.T588 2001 |
||
| 100 | _aTing, Miguel Alexis F. | ||
| 245 |
_aAwareness of high school students residing in Parañaque on the trash problem in the City of Parañaque / _cMiguel Alexis F. Ting. |
||
| 260 |
_aLas Piñas City, Philippines : _bSouthville International School and Colleges, _c2001. |
||
| 300 |
_a23 pages : _billustrations ; _c28 cm. |
||
| 504 | _aIncludes bibliographical references. | ||
| 650 |
_aRefuse and refuse disposal _zPhilippines _zParañaque. |
||
| 650 |
_aEnvironmental awareness _zPhilippines _zParañaque. |
||
| 650 |
_aHigh school students _zPhilippines _zParañaque _vAttitudes. |
||
| 650 |
_aWaste management _zPhilippines _zParañaque. |
||
| 942 |
_2lcc _cPASS |
||
| 999 |
_c96499 _d96499 |
||